1958 1806 1130 1657 1701 1178 1304 1182 1709 1544 1686 1303 1196 1349 1273 1518 1378 1075 1131 1200 1193 1443 1798 1467 1812 1184 1586 1587 1715 1465 1398 1219 1307 1285 1027 1270 1865 1719 1338 1168 1197 1647 1839 1565 1169 1542 1014 1345 1056 1760 1115 1305 1743 1642 1210 1231 1162 1190 1111 1555 1787 1850 1858 1122 1824 2000 1911 1919 1329 1735 1370 1947 1844 1533 1894 1236 1185 1481 1280 1958 1484 1043 1261 1049 1522 1129 1751 1424 1212 1550 1045 1786 1873 1274 1871 1258 1189 1751 1263 BCNSPRNW ULIB Ver.6.0+V

เปลี่ยนเป็นภาษาไทย

Change to English
 แสดงรายละเอียดบรรณานุกรม
  กลับหน้าหลัก

Brief Record : Get Marc (ISO 2709) : E-mail record : QR code < ปิดหน้าต่าง
LEADER : 00000nam 2200000uu 4500
001    13399123923
003     ULIB
008    141214s2555||||th 000 0 tha d
020    ^a9786163210746
060  4 ^aWM190^bธ587ท
100    ^aธิติพันธ์ ธานีรัตน์
245    ^aทฤษฎีพื้นฐานเกี่ยวกับบุคลิกภาพผิดปกติในทางจิตเวช /^cธิติพันธ์ ธานีรัตน์
250    ^aพิมพ์ครั้งที่ 2
260    ^aกรุงเทพฯ:^bพุ่มทอง ,^c2555
300    ^a173 หน้า
650    ^aบุคลิกภาพผิดปกติในทางจิตเวช
945    ^p400^l0^i22644
999    ^aทศพร เกษรทอง
รายการนี้ยังไม่มีแท็ก
คุณยังไม่ได้ล็อกอิน คุณสามารถมีกิจกรรมร่วมกับเว็บไซต์ได้ แต่ต้องล็อกอินก่อน ::
  ล็อกอิน

รายการสื่อสารสนเทศ

ลำดับที่ ประเภท เลขเรียก/บาร์โค้ด สถานที่ สถานะ
1. วิทยาศาสตร์การแพทย์ และสุขภาพ
วิทยาศาสตร์การแพทย์ และสุขภาพ
สถานะ=หนังสือเก่า
WM190 ธ587ท ฉ.1 
  Barcode: 22644
ห้องสมุดวิทยาเขตนครสวรรค์
►ส่วนจัดเก็บหนังสือเก่า นว.
บนชั้น
  ขอยืม

รายการใกล้เคียง
    ผู้แต่ง [ธิติพันธ์ ธานีรัตน์]

    หัวเรื่อง [บุคลิกภาพผิดปกติในทางจิตเวช]

BibComment


ยังไม่เคยถูกคอมเมนท์

คอมเมนท์ทรัพยากรรายการนี้
  คอมเมนท์: ทฤษฎีพื้นฐานเกี่..


 Copyright 2026. Bcnsprnw @Library